000 00724 a2200229 4500
005 20260327095327.0
008 260327b |||||||| |||| 00| 0 eng d
020 _a9789360622008 (hbk)
037 _cTB
040 _aCRL
_cCRL
041 _2URD
_aURD
084 _aO168vP25←L00 R5
_bCRL
100 _aDanish, Imitiyaz Ahmad
_91115739
245 _aTareekh-e-adab Aarah
260 _aNew Delhi, India:
_bEducational publishing house,
_c2025.
300 _a489p.
365 _b700.00
_cINR
650 _aUrdu Literature
650 _aHistory
942 _cTB
_2CC
_hO168vP25←L00 R5
999 _c1679630
_d1679630